000 00737nam a2200205Ii 4500
003 JO-AjNU
008 230605s9999||||xx |||||||||||||| ||und||
040 _aJO-AjNU
_bara
_erda
_cJO-AjNU
041 _aara
050 1 4 _aPJ7696.K6 1990
100 3 _aشرحه وحققه وعلق عليه يسري عبد الغني عبدالله,
_eauthor
_98241
245 0 0 _aديوان الخرنق بنت بدر بن هفان أخت طرفة بن العبد
250 _aط1
264 3 1 _aبيروت:دار الكتب العلمية،1990
300 _a76ص
336 _atext
_btxt
_2rdacontent
337 _aunmediated
_bn
_2rdamedia
338 _avolume
_bnc
_2rdacarrier
650 4 _a الشعر العربي - العصر الجاهلي
_98242
999 _aA688
_c4256
_d4256